00565nam a2200181Ia 450000500170000000800410001702000290005804000190008704100120010608200150011824500890013326000560022230000100027850400380028865000250032665100220035185000100037320240315093927.0140110s9999 xx 000 0 und d a9780230328365cRs.495.00 aLoreto College aEnglish a338.9bHUM aHuman Development Report 2009bOvercoming barriers : Human mobility and development aNew yorkbUnited Nation Development Programmec2009 a215p. aIncludes index, notes and sources aEconomic Development aHuman Development aLCLIB